000 00484nam a2200193Ia 4500
005 20250423100709.0
008 250422s9999 xx 000 0 und d
020 _a0673469182
050 _aHM 251 .P84/
100 _aEdward Krupat
245 0 _aPsychology is social : reading and conversation in social psychology
250 _a3rd ed.
260 _aNew York
260 _bHarper Collins
260 _c1994
300 _a400 p
650 _aSocial Psychology
942 _cBK
999 _c34092
_d34092